Information, computer, and communications policies for the 80's : an OECD report : proceedings of the High Level Conference on Information, Computer, and Communications Policies for the 80's, Paris, 6th-8th October, 1980 /

Bibliographic Details
Corporate Authors: High Level Conference on Information, Computer, and Communications Policies for the 80's Paris, France, Organisation for Economic Co-operation and Development
Other Authors: Gassmann, Hans-Peter, 1936-
Format: Conference Proceeding Book
Language:English
Published: Amsterdam : New York : North-Holland Pub. Co. ; [1981]
Subjects:

MARC

Tag First Indicator Second Indicator Subfields
LEADER 00000cam a22000008a 4500
001 in00000071747
005 20151008062356.0
008 811102s1981 ne 10010 eng
010 |a  81018798  
020 |a 0444863273 
035 |a (OCoLC)07976624 
035 |9 AAK0090AM 
039 0 |a 2  |b 3  |c 3  |d 3  |e 3 
040 |a DLC  |c DLC  |d TXA  |d UtOrBLW 
049 |a TXAM  |c [1672334] 
050 0 0 |a QA76.9.G68  |b H53 1980 
082 0 |a 338.9/2  |2 19 
111 2 |a High Level Conference on Information, Computer, and Communications Policies for the 80's  |d (1980 :  |c Paris, France) 
245 1 0 |a Information, computer, and communications policies for the 80's :  |b an OECD report : proceedings of the High Level Conference on Information, Computer, and Communications Policies for the 80's, Paris, 6th-8th October, 1980 /  |c edited by Hans Peter Gassmann. 
263 |a 8112 
264 1 |a Amsterdam :  |a New York :  |b North-Holland Pub. Co. ;  |c [1981] 
264 2 |a New York :  |b Sole distributors for the U.S.A. and Canada, Elsevier North-Holland, 
264 4 |c ©1981 
300 |a xiii, 276 pages ;  |c 23 cm. 
336 |a text  |b txt  |2 rdacontent 
337 |a unmediated  |b n  |2 rdamedia 
338 |a volume  |b nc  |2 rdacarrier 
650 0 |a Electronic data processing  |x Government policy  |x Congresses. 
650 0 |a International cooperation  |x Data processing  |x Congresses. 
700 1 |a Gassmann, Hans-Peter,  |d 1936- 
710 2 |a Organisation for Economic Co-operation and Development. 
999 |a MARS 
999 f f |s d75363f5-80bd-3c3c-859a-77118ea41df0  |i bbd9fe44-b2bd-36f5-9d01-179f2e57727e  |t 0 
952 f f |p ric  |a Texas A&M University  |b Rellis Campus  |c Joint Library Facility  |d Remote Storage  |t 0  |e QA76.9.G68 H53 1980  |h Library of Congress classification  |i unmediated -- volume  |m A14806202974 
998 f f |a QA76.9.G68 H53 1980  |t 0  |l Remote Storage